000 00662nam a2200181Ia 4500
008 090124s9999 xx 000 0 und d
082 _b107062
100 _aमुसळे ना.ग.
245 _a" रत्नागिरी जिल्हा - काल, आज व उद्या"
250 _a1
260 _c1958
300 _a81
600 _aमुसळे ना.ग.
630 _a" रत्नागिरी जिल्हा - काल, आज व उद्या"
700 _aमुसळे ना.ग.
730 _a" रत्नागिरी जिल्हा - काल, आज व उद्या"
942 _cBOOK
999 _c153153
_d153153